Find The Odd - Geography Edition (Part I) - Statistics

General Stats
  • This quiz has been taken 10 times
  • The average score is 7 of 15
Answer Stats
Question Answer % Correct
Which city is the odd one? Minneapolis, MN
78%
Which US-State doesn't belong here? Oregon
78%
Which country is the odd one - flag Bosnia
67%
Which country is the odd one? Eswatini
67%
Which city is the odd one? New York City
67%
Which German State is the odd one? Hamburg
56%
Which country is the odd one? Switzerland
56%
Which city doesn't belong here? Malmö
44%
Which country is the odd one - historical Switzerland
44%
Which island is the odd one? Australia
33%
Which country is the odd one - NATO Latvia
22%
Which country is the odd one - flag Switzerland
22%
Which country is the odd one? Tanzania
22%
Which US-State is the odd one - electoral college New York
11%
Which country is the odd one? Uzbekistan
11%
No matching quizzes found
Score Distribution
Percent of People with Each Score
Percentile by Number Answered
Your Score History
You have not taken this quiz